000 00755nam a22002417a 4500
003 UA-OsUOA
001 49304
007 ta
008 20131218b un ||||| |||| 00| 0 ukr d
090 _a09.-082
_bХ56
942 _cBK
040 _aUA-OsUOA
_bukr
_cUA-OsUOA
_dUA-OsUOA
245 _aХліборобська Україна
_bКнига IV
300 _a371 с.
955 _a1
041 _aukr
080 _a09.-082
260 _aВідень
_bУкраїнський союз хліборобів державників
246 3 1 _aЗбірник VII і VIII
650 7 _a0 Загальний відділ.
_2UDC
999 _c429403
_d429403